000 01398nam0a2200349 4500
001 RU\NLR\BIBL_A\011440984
005 20260406074301.0
010 _a9785222287804
_95000
021 _aRU
_b2017-47427
_93407
035 _a(RuMoRGB)008924868
035 _a(NLR Aleph) 011440984
090 _a11701994
_c11701994
100 _a20170719d2017 e y0rusy50 ca
101 0 _arus
102 _aRU
105 _aa j 000zy
200 1 _aРепетитор по химии
_eтеоретические основы, типовые задания с эталонами решений, задания для самоконтроля
_e[пособие
_fА. С. Егоров и др.]
_gпод редакцией А. С. Егорова
205 _aИзд. 53-е
210 _aРостов-на-Дону
_cФеникс
_d2017
215 _a762, [1] с.
_cил.
_d21
225 1 _aАбитуриент
320 _aБиблиогр.: с. 751 (5 назв.)
333 _a0+
606 _aХимия
_jУчебные издания для средней школы
_9898913
_3RU\NLR\AUTH\666296
675 _a373.167.1:54
686 _aГ.я729-1
_2rubbk
686 1 _aГ1я721-1
702 1 _4220
_4340
_7ca
_8rus
_aЕгоров
_bА. С.
_cхимик
_gАлександр Сергеевич
_917054
_3RU\NLR\AUTH\7734048
942 _cBOOK
980 _aNBR